000 00820nam a2200145Ia 4500
008 220216s9999 xx 000 0 und d
100 _aHermens M
245 0 _aConventional drying of rubber wood is safest
260 _bRubber Asia
_c1994
300 _a111-112
520 _aRubber wood requires chemical treatment and seasoning to retain the natural colour and its inherent strength properties. Here the seasoning is very important with respect to physical, mechanical and machining properties of treated or untreated wood during product manufacturing. The present paper illustrates the procedure and technique of the most popular and safe way to season timber. This system consists of four procedures: preheating, drying, conditioning and cooling.
650 _aDrying method
650 _aRubberwood
942 _cBO
999 _c48058
_d48058